000 00610nam a22002177a 4500
005 20141108112318.0
008 141107b xxu||||| |||| 00| 0 eng d
020 _a9780571227907
_c1306
040 _aLoreto College
041 _aEnglish
082 _a821.91
_bHUG
245 _aTed Hughes
_bCollected poems
_cEdited by Paul Keegan
260 _aLondion
_bFaber and Faber
_c2003
300 _axli,1333p
_b25 cm
504 _aIncludes bibliographical references and index
600 _aHughes, Ted
650 _aEnglish poetry
700 _4ed.
_aKeegan, Paul
850 _aLCLIB
_bEngSemLib
942 _cBK
999 _c39531
_d90010